000 nam a22 4500
999 _c9102
_d9102
008 180411b ||||| |||| 00| 0 eng d
100 _927260
_aMorrell, Adam B.
245 _aTan, Ramirez hailed as outstanding athletes/
_cAdam B. Morrell
260 _aDavao City
_bSun Star Davao
_cc2017
300 _apage 23.
650 0 _927261
_aMartial arts.
942 _2ddc
_cPER